Producción de Tall Oil a partir del pulpeo Kraft usando pinus caribaea

Tallennettuna:
Bibliografiset tiedot
Päätekijä: Arce C., Luis Fernando
Aineistotyyppi: Kirja
Julkaistu: [San José , Costa Rica] 1985
Aiheet:
Tagit: Lisää tagi
Ei tageja, Lisää ensimmäinen tagi!

MARC

LEADER 00000nam a2200000Ia 4500
003 002970
005 20221231144359.0
008 140114s1986 cr a m 000 ||s d
040 |c cru CEDI 
090 |a TFG 1746 
100 |a Arce C., Luis Fernando  |9 14376 
245 |a Producción de Tall Oil a partir del pulpeo Kraft usando pinus caribaea 
260 |c 1985  |a  [San José , Costa Rica] 
300 |a  ii, 54 hojas : ilustraciones ; 
500 |a  Proyecto de graduacion (licenciatura en ingeniería química)--Universidad de Costa Rica. Facultad de Ingeniería. Escuela de Ingeniería Química 
650 |x PULPA DE MADERA   |x ACEITE DE BOGOL  |9 14377 
942 |c TFG 
999 |c 21026  |d 21026